| 000 | 00975cab a2200301 4500 | ||
|---|---|---|---|
| 001 | WB2908-28 | ||
| 008 | 090401t1993 xxu||||| |||| 00| 0 eng d | ||
| 035 | _a(Sirsi) u59223 | ||
| 041 | _aeng | ||
| 245 | _aBreak up of Grosvenor Estate | ||
| 260 | _c1993 | ||
| 350 | _a0 | ||
| 490 |
_aFinancial Times _v25 February 1993, 1&10 |
||
| 490 |
_aDaily Telegraph _v26 February 1993, 7 |
||
| 490 |
_aIndependent on Sunday _v28 February 1993, 8(4) |
||
| 520 | _aConsiders how the Housing and Urban Development Bill will lead to the break up of the great estates such as the Grosvenor Estate owned by the Duke of Westminister. | ||
| 650 | _aDUKE OF WESTMINSTER | ||
| 650 | _aFREEHOLD | ||
| 650 | _aGROSVENOR ESTATE | ||
| 650 | _aHOUSING AND URBAN DEVELOPMENT BILL | ||
| 650 | _aLANDED ESTATES | ||
| 650 | _aLEASEHOLD REFORM | ||
| 650 | _aLONDON | ||
| 650 | _aRIGHT TO BUY | ||
| 690 | _aLANDLORD AND TENANT-LEASEHOLD REFORM | ||
| 942 | _n0 | ||
| 948 | _c04/03/1997 | ||
| 999 |
_c36308 _d36308 |
||